Семантика дієслів на позначення паравербальних дій усмішки (Запис № 284134)

МАРК-запис
000 -LEADER
fixed length control field 01848nam a22001577a 4500
041 ## - LANGUAGE CODE
Language code of text/sound track or separate title ukr
080 ## - UNIVERSAL DECIMAL CLASSIFICATION NUMBER
Universal Decimal Classification number 09
090 ## - LOCALLY ASSIGNED LC-TYPE CALL NUMBER (OCLC); LOCAL CALL NUMBER (OCLC)
Local cutter number (OCLC) ; Book number/undivided call number, CALL (RLIN) ВОЛ
100 ## - MAIN ENTRY--PERSONAL NAME
Personal name Волкова Н.М.
245 ## - TITLE STATEMENT
Title Семантика дієслів на позначення паравербальних дій усмішки
260 ## - PUBLICATION, DISTRIBUTION, ETC. (IMPRINT)
Place of publication, distribution, etc Острог
Name of publisher, distributor, etc КАФ
Date of publication, distribution, etc 2009
300 ## - PHYSICAL DESCRIPTION
Extent 52
520 ## - SUMMARY, ETC.
Summary, etc ВСТУП<br/>РОЗДІЛ 1 НЕВЕРБАЛЬНА ПОВЕДІНКА ЯК ОБЄКТ ЛІНГВІСТИКИ ЕМОЦІЙ<br/>1.1 Спілкування гра інтелектуальних та емоційних сил співбесідників.<br/>1.2 Взаємозвязок між вербальними та невербальними засобами спілкування.<br/>1.3 Паралінгвітика сфера несловесної комунікації.<br/>1.4 Невербальні засоби спілкування.<br/>1.5 Кінесика.<br/>1.6 Жести у системі невербальних засобів комунікації.<br/>1.7 Емоційні та вказівні жести.<br/>РОЗДІЛ 2 СЕМАНТИКА ЯК РОЗДІЛ МОВОЗНАВСТВА<br/>2.1 Історія семантики.<br/>2.2 Лексична семантика.<br/>2.3 Обєктивні та субєктивні елементи мовного значення.<br/>2.4 Розвиток лексичної семантики слова.<br/>РОЗДІЛ 3 ЕКСПРЕСИВНИЙ АСПЕКТ ПОЗНАЧЕННЯ УСМІШКИ В АНГЛІЙСЬКІЙ МОВІ<br/>3.1 Мова жестів і рухів.<br/>3.2 Усмішка як компонент невербальної поведінки.<br/>3.3 Лексика паравербальних дій усмішки.<br/>ВИСНОВКИ
-- усмішка, паралінгвістика, жести
650 ## - SUBJECT ADDED ENTRY--TOPICAL TERM
Topical term or geographic name as entry element Research Papers
942 ## - ADDED ENTRY ELEMENTS (KOHA)
Koha item type Книги
Фонди
Withdrawn status Lost status Source of classification or shelving scheme Damaged status Not for loan Home library Current library Date acquired Source of acquisition Cost, normal purchase price Total Checkouts Full call number Barcode Date last seen Price effective from Koha item type
    Universal Decimal Classification     ВІЛ - Відділ іноземн. літератури НБ ВІЛ - Відділ іноземн. літератури НБ 16/04/2009 Акт №1 1.00   09 213389 15/12/2021 16/04/2009 Книги